30 sterkste militaire staten - Statistieken

Algemene statistieken
  • Deze quiz is 203 keer genomen
  • De gemiddelde score is 23 van 30
Antwoordstatistieken
Plaats Krachtindex Antwoord % Correct
1 0.0818 Verenigde Staten
100%
3 0.0852 China
99%
2 0.0841 Rusland
98%
5 0.1869 Frankrijk
96%
10 0.2461 Duitsland
94%
4 0.1417 India
90%
8 0.2107 Japan
89%
6 0.1917 Verenigd Koninkrijk
89%
11 0.2565 Italië
88%
14 0.3198 Brazilië
87%
18 0.3876 Noord-Korea
82%
21 0.4203 Australië
81%
25 0.4356 Canada
81%
7 0.2001 Zuid-Korea
81%
13 0.3131 Iran
80%
19 0.4079 Spanje
79%
9 0.2216 Turkije
79%
17 0.3689 Pakistan
77%
22 0.4276 Polen
74%
29 0.5283 Oekraïne
70%
12 0.2751 Egypte
69%
16 0.3444 Israël
68%
26 0.4636 Saoedi-Arabië
67%
15 0.3266 Indonesië
65%
28 0.5255 Griekenland
59%
27 0.4735 Thailand
53%
20 0.4098 Vietnam
51%
23 0.4296 Algerije
42%
24 0.4331 Taiwan
38%
30 0.5969 Tsjechië
31%
Geen overeenkomende quizzen gevonden
Scoreverdeling
Procent van Mensen met Elke Score
Percentiel versus Aantal Correcte Antwoorden
Uw Scoregeschiedenis
U heeft deze quiz nog niet genomen